000 00273nam a22001337a 4500
008 170926b xxu||||| |||| 00| 0 eng d
020 _a9781599090078
041 _aeng
080 _a37
100 _a46
101 _aEDU
245 _aCHAMPS
_cSPRICK,R
942 _2udc
_cBK
999 _c30055
_d30055